000 01528nam a2200229Ia 4500
999 _c51747
_d51747
001 18739
003 GE_BSU
005 20210413134716.0
008 181216s2014||||ge |||||||||||||| ||geo||
040 _cGE_BSU
041 _ageo
080 _a61 გ-93
100 _aგუდაძე, მირანდა
_911290
245 _aღეროვანი უჯრედების განაწილების თავისებურებები ძუძუს სხვადასხვა ფენოტიპის დუქტურ ინვაზიურ კარცინომებში /
_cმირანდა გუდაძე; სამეცნიერო ხელმძღვანელი : გიორგი ბურკაძე; თბილისის სახელმწიფო სამედიცინო უნივერსიტეტი.
264 _aთბილისი,
_c2014.
300 _a120 გვ.;
_b30 სმ.
653 _aდისერტაცია
653 _aმედიცინა
653 _aღეროვანი უჯრედების განაწილების თავისებურებები ძუძუს სხვადასხვა ფენოტიპის დუქტურ ინვაზიურ კარცინომებში
700 _aბურკაძე, გიორგი
_eსამეცნიერო ხელმძღვანელი
_93253
942 _cBK
_2udc